[Event "Team junior-boys chess final 2017"]
[Site "Sochi"]
[Date "2017.05.01"]
[Round "1.1"]
[White "Nesterov, Arseniy"]
[Black "Murtazin, Ruslan"]
[Result "1-0"]
[WhiteElo "2324"]
[BlackElo "2411"]
[PlyCount "207"]
[EventDate "2017.05.01"]

1. d4 Nf6 2. c4 g6 3. Nc3 Bg7 4. e4 O-O 5. Be2 d6 6. Bg5 Na6 7. Qd2 e5 8. d5
Qe8 9. Bd1 c6 10. Nge2 cxd5 11. cxd5 Nc5 12. Ng3 a5 13. Bc2 Bd7 14. a3 b5 15.
Nd1 b4 16. axb4 axb4 17. Rxa8 Qxa8 18. Qxb4 Qa6 19. Qa3 Qb5 20. Bd2 Rb8 21. f3
Qb6 22. Qa5 Qb7 23. O-O Ne8 24. Be3 Bb5 25. Re1 Nd3 26. Bxd3 Bxd3 27. Qd2 Qb3
28. Nc3 Bc4 29. Rc1 Nc7 30. Nd1 Nb5 31. Qc2 Qxc2 32. Rxc2 Bb3 33. Rc1 Nd4 34.
Nf2 h5 35. Bxd4 exd4 36. Ne2 f5 37. Nd3 fxe4 38. fxe4 Re8 39. Nef4 Rxe4 40.
Nxg6 Bxd5 41. Ngf4 Bb3 42. Kf2 Be5 43. g3 Re3 44. Re1 Bxf4 45. Nxf4 Re5 46. Re2
Kf7 47. Rd2 h4 48. Rxd4 hxg3+ 49. hxg3 Rb5 50. Rxd6 Bc2 51. Rd2 Bf5 52. Ne2 Rb4
53. Nd4 Be4 54. Ke3 Bb7 55. b3 Bd5 56. Kd3 Kf6 57. Kc3 Rb7 58. b4 Rc7+ 59. Kd3
Rg7 60. Rf2+ Ke5 61. Re2+ Kf6 62. Re3 Rc7 63. Re1 Rg7 64. Rg1 Rg4 65. b5 Ke5
66. Re1+ Kd6 67. Nf5+ Kc7 68. Re5 Bc4+ 69. Ke3 Bf1 70. Kf2 Bd3 71. Ne3 Rg7 72.
g4 Bb1 73. Kg3 Rg8 74. g5 Ba2 75. Kf4 Kd6 76. Nf5+ Kc7 77. Ne7 Rd8 78. g6 Rd1
79. g7 Rg1 80. Rg5 Rf1+ 81. Kg4 Rg1+ 82. Kh5 Rh1+ 83. Kg6 Rd1 84. Kf6 Kb6 85.
Re5 Rf1+ 86. Nf5 Rg1 87. Nd4 Rf1+ 88. Rf5 Rg1 89. Rf2 Bc4 90. Nf3 Rg3 91. Ne5
Bg8 92. Rc2 Kb7 93. Rd2 Kc7 94. Rd7+ Kb6 95. Rd8 Ba2 96. Rb8+ Kc7 97. Ra8 Bd5
98. Rf8 Bb3 99. b6+ Kb7 100. Nd7 Bd5 101. Rb8+ Kc6 102. Ne5+ Kc5 103. b7 Kb6
104. Rd8 1-0

[Event "Team junior-boys chess final 2017"]
[Site "Sochi"]
[Date "2017.05.01"]
[Round "1.1"]
[White "Ismailov, Amir"]
[Black "Tsoi, Dmitry"]
[Result "0-1"]
[WhiteElo "1897"]
[BlackElo "2305"]
[PlyCount "106"]
[EventDate "2017.05.01"]

1. d4 Nf6 2. Nf3 e6 3. g3 b5 4. Bg2 Bb7 5. O-O c5 6. c3 Be7 7. Bg5 c4 8. Nbd2
Ne4 9. Bxe7 Qxe7 10. Ne5 f5 11. Qc2 d6 12. Nxe4 fxe4 13. Ng4 h5 14. Ne3 d5 15.
f3 Qg5 16. Qd2 exf3 17. Rxf3 Qg6 18. a4 a6 19. Bh3 Qh6 20. Nf1 Qxd2 21. Nxd2
Rh6 22. Re3 Ke7 23. Nf3 Nc6 24. Ng5 Nd8 25. Re5 bxa4 26. Rxa4 Bc6 27. Ra5 Bb5
28. Ra1 Bd7 29. Nf3 a5 30. Nh4 g6 31. Bg2 Bc6 32. Bh3 a4 33. Rg5 Kf6 34. Re5
Rb8 35. Ra2 g5 36. Nf5 exf5 37. Rxf5+ Kg6 38. Re5 Nf7 39. Re7 g4 40. Bg2 Kg7
41. Ra1 Rf6 42. Rc7 Rxb2 43. Rf1 Rxf1+ 44. Bxf1 Bb5 45. Ra7 Kg6 46. Bg2 Ng5 47.
Kf2 Nh3+ 48. Bxh3 gxh3 49. Ke3 Be8 50. Ra8 Bd7 51. Ra7 Bg4 52. Kf4 Rxe2 53.
Ra6+ Re6 0-1

[Event "Team junior-boys chess final 2017"]
[Site "Sochi"]
[Date "2017.05.01"]
[Round "1.1"]
[White "Murzin, Volodar"]
[Black "Garifzyanov, Niyaz"]
[Result "1-0"]
[WhiteElo "2315"]
[BlackElo "1874"]
[PlyCount "50"]
[EventDate "2017.05.01"]

1. e4 e6 2. d4 d5 3. Nc3 Nf6 4. e5 Nfd7 5. f4 c5 6. Nf3 Nc6 7. Be3 a6 8. Qd2 b5
9. g3 Bb7 10. Bg2 cxd4 11. Nxd4 Nxd4 12. Bxd4 Bc5 13. Ne2 Qb6 14. O-O O-O 15.
Kh1 f6 16. exf6 Nxf6 17. c3 Ne4 18. Bxc5 Qxc5 19. Qd4 Qc4 20. Qxc4 dxc4 21. Nd4
Bd5 22. Nxe6 Bxe6 23. Bxe4 Rab8 24. a3 a5 25. Kg2 Rfd8 1-0

[Event "Team junior-boys chess final 2017"]
[Site "Sochi"]
[Date "2017.05.01"]
[Round "1.1"]
[White "Galiev, Irek"]
[Black "Makoveev, Ilya"]
[Result "1/2-1/2"]
[WhiteElo "1866"]
[BlackElo "2246"]
[PlyCount "62"]
[EventDate "2017.05.01"]

1. d4 Nf6 2. Nf3 g6 3. g3 Bg7 4. Bg2 O-O 5. O-O d5 6. c4 dxc4 7. Na3 c3 8. bxc3
c5 9. Rb1 Nc6 10. e3 Ne4 11. Bb2 Qa5 12. Qb3 Qa6 13. Rfd1 Na5 14. Qb5 Qxb5 15.
Nxb5 Bd7 16. Bf1 Bc6 17. Nd2 Rfd8 18. Na3 e5 19. Bg2 Nxd2 20. Rxd2 cxd4 21.
cxd4 exd4 22. Bxd4 Bxd4 23. Rxd4 Rxd4 24. exd4 Bxg2 25. Kxg2 Rd8 26. Nc2 Kf8
27. Kf3 Ke7 28. Kg2 Kf8 29. Kf3 Ke7 30. Kg2 Kf8 31. Kf3 Ke7 1/2-1/2

[Event "Team junior-boys chess final 2017"]
[Site "Sochi"]
[Date "2017.05.01"]
[Round "1.2"]
[White "Kuzmin, Roman"]
[Black "Kirushin, Ivan"]
[Result "1/2-1/2"]
[WhiteElo "1806"]
[BlackElo "1640"]
[PlyCount "150"]
[EventDate "2017.05.01"]

1. e4 g6 2. d4 Bg7 3. Nf3 d6 4. Nc3 Nf6 5. Be2 O-O 6. h3 a6 7. Be3 b5 8. a3 Bb7
9. Nd2 e5 10. d5 Ne8 11. g4 c5 12. Nf1 Bf6 13. Qd2 Ng7 14. h4 Be7 15. h5 f5 16.
gxf5 gxf5 17. Rg1 Kh8 18. Bh6 Rg8 19. Bxg7+ Rxg7 20. Rxg7 Kxg7 21. exf5 Bg5 22.
Qd3 Nd7 23. Ne4 Nb6 24. Qg3 Kh6 25. f6 Bxf6 26. Ne3 Bc8 27. Bg4 Bh4 28. Qh3
Nxd5 29. Bxc8 Nxe3 30. Qxe3+ Bg5 31. Nxg5 Qxg5 32. Qxg5+ Kxg5 33. Bb7 Ra7 34.
Be4 Kxh5 35. Rd1 Rd7 36. Bc6 Rd8 37. Bb7 a5 38. b4 cxb4 39. axb4 a4 40. Ba6 d5
41. Bxb5 a3 42. Ra1 Rc8 43. Kd2 Rf8 44. f3 Rb8 45. Be2 Rxb4 46. f4+ Kg6 47.
fxe5 Ra4 48. Bd3+ Kf7 49. Kc3 Ke6 50. Kb3 Ra7 51. Rxa3 Rb7+ 52. Kc3 Kxe5 53.
Bxh7 Rxh7 54. Ra5 Rc7+ 55. Kd3 Rc4 56. Ra6 Rd4+ 57. Kc3 Rc4+ 58. Kb3 Re4 59.
Rh6 Rc4 60. Rh5+ Kd6 61. c3 Kc5 62. Rh8 Re4 63. Rc8+ Kd6 64. Rd8+ Kc5 65. Ra8
Kd6 66. Ra5 Rc4 67. Ra6+ Ke5 68. Rh6 Re4 69. Kc2 Rc4 70. Kd3 Re4 71. Rh8 Rc4
72. Rd8 Re4 73. Re8+ Kd6 74. Rxe4 dxe4+ 75. Kd4 e3 1/2-1/2

[Event "Team junior-boys chess final 2017"]
[Site "Sochi"]
[Date "2017.05.01"]
[Round "1.2"]
[White "Goncharova, Sofiya"]
[Black "Gavrilin, Roman"]
[Result "0-1"]
[WhiteElo "1034"]
[BlackElo "1668"]
[PlyCount "118"]
[EventDate "2017.05.01"]

1. e4 c5 2. Nf3 d6 3. d4 cxd4 4. Nxd4 a6 5. Nc3 Nf6 6. Be3 e5 7. Nf3 Be7 8. Bd3
O-O 9. Qe2 b5 10. O-O Qc7 11. Nd5 Nxd5 12. exd5 f5 13. Ng5 h6 14. Ne6 Bxe6 15.
dxe6 e4 16. Bxe4 fxe4 17. Qg4 Kh8 18. Qxe4 Nc6 19. Rad1 Rac8 20. Rd5 Ne5 21.
Rc1 Qc4 22. Qxc4 Nxc4 23. Bd4 Rfe8 24. Rh5 Kh7 25. b3 Ne5 26. Bxe5 dxe5 27.
Rxe5 Bg5 28. Rce1 Rxc2 29. a4 bxa4 30. bxa4 Rc6 31. g3 Rc1 32. Rxc1 Bxc1 33. f4
Kg6 34. e7 Kf7 35. Ra5 Ra8 36. Kf2 Kxe7 37. Ke2 Ba3 38. Kd3 Bb4 39. Re5+ Kf6
40. Kc4 a5 41. Rb5 Rc8+ 42. Kd5 Rc2 43. Rb6+ Kf5 44. h3 Rd2+ 45. Kc4 Rd6 46.
Rxd6 Bxd6 47. Kd5 Bb4 48. Kd4 Be1 49. Kc5 Bxg3 50. Kb5 Be1 51. Kc4 Kxf4 52. Kd3
Kg3 53. Ke2 Bb4 54. Kd3 g5 55. Ke2 Kxh3 56. Kf2 g4 57. Kg1 g3 58. Kh1 g2+ 59.
Kg1 Bc5# 0-1

[Event "Team junior-boys chess final 2017"]
[Site "Sochi"]
[Date "2017.05.01"]
[Round "1.3"]
[White "Kuznetsov, Sergey"]
[Black "Shubin, Kirill"]
[Result "0-1"]
[WhiteElo "1517"]
[BlackElo "2287"]
[PlyCount "95"]
[EventDate "2017.05.01"]

1. e4 e6 2. d4 d5 3. Nd2 Be7 4. e5 c5 5. c3 Nc6 6. Ndf3 cxd4 7. cxd4 Qb6 8. Ne2
Nh6 9. Bxh6 gxh6 10. Qd2 Rg8 11. g3 Rg4 12. Rd1 Re4 13. a3 Na5 14. b4 Nc4 15.
Qc3 Nxa3 16. Nd2 Bxb4 17. Qc1 Bd7 18. f3 Re3 19. Kf2 Rd3 20. Kg2 Rc8 21. Qa1
Nc2 22. Qb1 Rxd2 23. Rxd2 Bxd2 24. Qxb6 axb6 25. Nf4 Ne3+ 26. Kf2 Nxf1 27. Rxf1
Rc1 28. Rxc1 Bxc1 29. Nh5 b5 30. Ke2 b4 31. Kd1 Be3 32. Kc2 Bxd4 33. f4 Ba4+
34. Kb1 Bd1 35. Nf6+ Ke7 36. Kc1 Bf3 37. h3 b5 38. g4 b3 39. Kb1 Be4+ 40. Nxe4
dxe4 41. f5 exf5 42. gxf5 Bxe5 43. h4 Kf6 44. h5 Kxf5 45. Kc1 Kg5 46. Kb1 Kxh5
47. Kc1 Kg6 48. Kb1 0-1

[Event "Team junior-boys chess final 2017"]
[Site "Sochi"]
[Date "2017.05.01"]
[Round "1.3"]
[White "Zemnitskiy, Alexander"]
[Black "Sargsyan, Anatoly"]
[Result "1-0"]
[WhiteElo "2010"]
[BlackElo "1702"]
[PlyCount "77"]
[EventDate "2017.05.01"]

1. e4 c5 2. Nf3 Nc6 3. Bb5 g6 4. O-O Bg7 5. Re1 e5 6. c3 Nge7 7. Na3 a6 8. Bf1
O-O 9. Nc2 b5 10. d4 cxd4 11. cxd4 exd4 12. Ncxd4 Nxd4 13. Nxd4 Bb7 14. a4 b4
15. Bg5 Re8 16. Qd2 Qa5 17. Bf4 d5 18. e5 Nc6 19. Nb3 Qb6 20. a5 Qa7 21. Be3 d4
22. Nxd4 Nxd4 23. Bxd4 Rad8 24. Rad1 Qa8 25. f4 Bf8 26. Qf2 b3 27. f5 Qc8 28.
e6 fxe6 29. fxg6 hxg6 30. Qf6 Rxd4 31. Qxg6+ Kh8 32. Re5 Rh4 33. Qf6+ Bg7 34.
Qxh4+ Kg8 35. Bd3 Re7 36. Qxe7 Bxe5 37. Qh7+ Kf8 38. Rf1+ Ke8 39. Bg6+ 1-0

[Event "Team junior-boys chess final 2017"]
[Site "Sochi"]
[Date "2017.05.01"]
[Round "1.3"]
[White "Pristavka, Petr"]
[Black "Postnikov, Roman"]
[Result "0-1"]
[WhiteElo "1511"]
[BlackElo "2082"]
[PlyCount "52"]
[EventDate "2017.05.01"]

1. d4 Nf6 2. Bf4 g6 3. Nf3 Bg7 4. e3 O-O 5. c3 d6 6. h3 Nc6 7. Nbd2 Nd7 8. Bh2
e5 9. dxe5 Ndxe5 10. Be2 Bf5 11. O-O Rb8 12. Nxe5 Nxe5 13. Nf3 Nc6 14. Qb3 Re8
15. Bc4 Qf6 16. Bd5 Ne7 17. Bc4 b5 18. Be2 b4 19. Nd4 bxc3 20. Qxc3 Nd5 21. Qd2
Be4 22. b3 Qg5 23. Bf3 Bxd4 24. Bxe4 Rxe4 25. Rad1 Nxe3 26. Rfe1 Qxg2# 0-1

[Event "Team junior-boys chess final 2017"]
[Site "Sochi"]
[Date "2017.05.01"]
[Round "1.3"]
[White "Ismagilov, Damir"]
[Black "Gubarev, Vladislav"]
[Result "1-0"]
[WhiteElo "2132"]
[BlackElo "1399"]
[PlyCount "71"]
[EventDate "2017.05.01"]

1. d4 d5 2. Nf3 Nf6 3. Bf4 e6 4. e3 c5 5. c3 Nc6 6. Nbd2 Bd6 7. Bg3 O-O 8. Bd3
b6 9. O-O Bb7 10. Ne5 Ne7 11. Qb1 Ng6 12. f4 Qc7 13. a4 Nd7 14. Bb5 Ndxe5 15.
fxe5 Be7 16. Bd3 Bg5 17. Bf4 Qe7 18. Qe1 Bh4 19. Bg3 Bxg3 20. Qxg3 Rac8 21. Nf3
cxd4 22. exd4 f5 23. exf6 Rxf6 24. Bxg6 Rxg6 25. Qh4 Qxh4 26. Nxh4 Rf6 27. Rae1
Rcf8 28. Rxf6 Rxf6 29. Nf3 h6 30. Ne5 a5 31. Nd7 Rg6 32. Rf1 Ba6 33. Rf8+ Kh7
34. Ra8 Bb7 35. Rb8 Bc6 36. Nf8+ 1-0

[Event "Team junior-boys chess final 2017"]
[Site "Sochi"]
[Date "2017.05.01"]
[Round "1.4"]
[White "Stukan, Martin"]
[Black "Grigoriants, Boris"]
[Result "1-0"]
[WhiteElo "1972"]
[BlackElo "1731"]
[PlyCount "61"]
[EventDate "2017.05.01"]

1. d4 g6 2. e4 d6 3. Nf3 Bg7 4. Nc3 Nd7 5. Be2 Ngf6 6. h3 e5 7. dxe5 dxe5 8.
Bg5 h6 9. Be3 O-O 10. Qd2 Kh7 11. g4 Ng8 12. O-O-O c6 13. g5 h5 14. Nh4 Re8 15.
Bc4 Qe7 16. Qe2 Nf8 17. Nf5 Qc7 18. Ng3 Bh8 19. Nxh5 gxh5 20. Qxh5+ Kg7 21. f4
Be6 22. f5 Bxc4 23. f6+ Nxf6 24. gxf6+ Kxf6 25. Qxh8+ Ke6 26. Bg5 Nd7 27. Qh7
f6 28. Rxd7 Qxd7 29. Qf5+ Kd6 30. Rd1+ Bd5 31. Nb5+ 1-0

[Event "Team junior-boys chess final 2017"]
[Site "Sochi"]
[Date "2017.05.01"]
[Round "1.4"]
[White "Babayan, Arman S"]
[Black "Tsvetkov, Andrey"]
[Result "0-1"]
[WhiteElo "1746"]
[BlackElo "2066"]
[PlyCount "64"]
[EventDate "2017.05.01"]

1. Nf3 d5 2. d4 Nf6 3. e3 c6 4. Be2 Bg4 5. O-O e6 6. b3 Nbd7 7. Bb2 Be7 8. Nbd2
O-O 9. c4 Qa5 10. a3 Rab8 11. b4 Qc7 12. Rc1 Rfc8 13. Qa4 dxc4 14. b5 a6 15.
bxa6 b5 16. Qd1 Nb6 17. h3 Bh5 18. Ne5 Bxe2 19. Qxe2 Na4 20. Ndf3 Nd5 21. Qc2
c3 22. Ba1 h6 23. Nxf7 Kxf7 24. Ne5+ Kg8 25. Qg6 Bf6 26. Ng4 Kh8 27. f4 Rf8 28.
Qd3 Rbd8 29. Nf2 Nxe3 30. Qxe3 Bxd4 31. Qxe6 Qxf4 32. Rc2 Bc5 0-1

[Event "Team junior-boys chess final 2017"]
[Site "Sochi"]
[Date "2017.05.01"]
[Round "1.4"]
[White "Perov, German"]
[Black "Terzyan, Nazar"]
[Result "1-0"]
[WhiteElo "1944"]
[BlackElo "1715"]
[PlyCount "49"]
[EventDate "2017.05.01"]

1. e4 c5 2. d4 cxd4 3. c3 dxc3 4. Nxc3 d6 5. Nf3 e6 6. Bc4 a6 7. O-O Nc6 8. Qe2
Be7 9. Rd1 Qc7 10. Bf4 Nf6 11. Rac1 O-O 12. a3 Qb8 13. b4 b5 14. Bb3 Bb7 15. h3
Rd8 16. Qa2 h6 17. Re1 Ne5 18. Bxe5 dxe5 19. Bxe6 fxe6 20. Qxe6+ Kh7 21. Qxe7
Re8 22. Qf7 Ra7 23. Qa2 Qa8 24. Rcd1 Nxe4 25. Qb1 1-0

[Event "Team junior-boys chess final 2017"]
[Site "Sochi"]
[Date "2017.05.01"]
[Round "1.4"]
[White "Kalaychev, Nodis"]
[Black "Vasilyev, Alexey"]
[Result "0-1"]
[WhiteElo "1490"]
[BlackElo "1845"]
[PlyCount "128"]
[EventDate "2017.05.01"]

1. d4 Nf6 2. Nf3 e6 3. e3 b6 4. Be2 Bb7 5. O-O Be7 6. b3 O-O 7. Bb2 d5 8. c4
Nbd7 9. Nbd2 Ne4 10. Ne5 Nxd2 11. Qxd2 Nxe5 12. dxe5 c5 13. Rfd1 Qc7 14. Qc2 h6
15. Bd3 dxc4 16. Qxc4 Bd5 17. Qg4 Qb7 18. Bc1 Kh8 19. f4 Rad8 20. f5 Be4 21.
Bxe4 Rxd1+ 22. Kf2 Qd7 23. Bc2 Rxc1 24. Rxc1 Qd2+ 25. Kg3 Qxc1 26. Qe4 exf5 27.
Qxf5 Qxe3+ 28. Kg4 Qg5+ 29. Qxg5 Bxg5 30. h4 Bd8 31. g3 Re8 32. Kf4 Bc7 33. Bd3
Bxe5+ 34. Kf3 Bd4 35. Bc4 Kg8 36. Bb5 Re3+ 37. Kf4 Rc3 38. Bc4 Bf2 39. Ke4 Bxg3
40. h5 Kf8 41. Kd5 g6 42. hxg6 fxg6 43. Kc6 Re3 44. Kb7 Re7+ 45. Kc6 h5 46. Bd5
h4 47. Kb5 h3 48. Kc4 h2 49. Bg2 Re1 50. Kd3 h1=Q 51. Bxh1 Rxh1 52. Ke3 Ra1 53.
Kf3 Bd6 54. a4 Ra3 55. Kg4 Rxb3 56. Kg5 c4 57. Kxg6 Rf3 58. Kg5 c3 59. Kg4 Rf4+
60. Kg5 c2 61. Kh5 c1=Q 62. Kg5 Qg1+ 63. Kh5 Rf2 64. Kh6 Rh2# 0-1

[Event "Team junior-boys chess final 2017"]
[Site "Sochi"]
[Date "2017.05.01"]
[Round "1.5"]
[White "Kytin, Makar"]
[Black "Mochalin, Faddey"]
[Result "0-1"]
[WhiteElo "2120"]
[BlackElo "1994"]
[PlyCount "32"]
[EventDate "2017.05.01"]

1. e4 e6 2. d4 d5 3. exd5 exd5 4. Nf3 Bd6 5. c4 dxc4 6. Bxc4 Nf6 7. Nc3 O-O 8.
O-O Nc6 9. h3 h6 10. Be3 Bf5 11. Rc1 Qd7 12. Qd2 Bxh3 13. gxh3 Qxh3 14. Be2 g5
15. Rcd1 Ng4 16. Bxg5 Bh2+ 0-1

[Event "Team junior-boys chess final 2017"]
[Site "Sochi"]
[Date "2017.05.01"]
[Round "1.5"]
[White "Bobkov, Vadim"]
[Black "Babakekhyan, Artem"]
[Result "1-0"]
[WhiteElo "1894"]
[BlackElo "1924"]
[PlyCount "99"]
[EventDate "2017.05.01"]

1. d4 Nf6 2. c4 g6 3. Nc3 d5 4. Bf4 Bg7 5. e3 O-O 6. cxd5 Nxd5 7. Nxd5 Qxd5 8.
Bxc7 Na6 9. Bxa6 Qxg2 10. Qf3 Qxf3 11. Nxf3 bxa6 12. Rc1 a5 13. Nd2 a4 14. Rc5
Bb7 15. O-O Rfc8 16. Rfc1 Bf8 17. d5 a5 18. e4 f6 19. Nc4 Ra6 20. Nxa5 Ba8 21.
Nc4 Bh6 22. Rc2 Bf4 23. Na3 Rxc7 24. Rxc7 Bxc7 25. Rxc7 Kf7 26. Nc4 Ke8 27.
Rc8+ Kf7 28. f3 f5 29. Kf2 fxe4 30. fxe4 Rf6+ 31. Ke3 Bb7 32. Ne5+ Kg7 33. Rc7
Ba6 34. Rxe7+ Kg8 35. Ng4 Rb6 36. e5 Rxb2 37. d6 Re2+ 38. Kd4 Kf8 39. Nf6 Bb5
40. Nxh7+ Kg8 41. Kc5 Rb2 42. Rb7 a3 43. Rxb5 Kxh7 44. d7 Rd2 45. Kc6 Rc2+ 46.
Kd6 Rxa2 47. d8=Q Rd2+ 48. Ke7 a2 49. Ra5 Rd1 50. Qxd1 1-0

[Event "Team junior-boys chess final 2017"]
[Site "Sochi"]
[Date "2017.05.01"]
[Round "1.5"]
[White "Grachev, Alexey"]
[Black "Bratchikov, Vladislav"]
[Result "1/2-1/2"]
[WhiteElo "2147"]
[BlackElo "1894"]
[PlyCount "108"]
[EventDate "2017.05.01"]

1. e4 c6 2. Nc3 d5 3. Nf3 Bg4 4. h3 Bxf3 5. Qxf3 e6 6. d4 Nf6 7. Bg5 Be7 8. e5
Nfd7 9. Bxe7 Qxe7 10. Qg3 g6 11. Be2 a6 12. f4 c5 13. dxc5 Nxc5 14. O-O Nc6 15.
Bd3 b5 16. a3 Rc8 17. Ne2 Qa7 18. Kh1 Ne7 19. Qf2 Qc7 20. b4 Na4 21. Nd4 Qb6
22. Rad1 Nc6 23. Nxc6 Qxf2 24. Rxf2 Rxc6 25. g4 Rf8 26. f5 Ke7 27. Rdf1 Rcc8
28. Kg2 Nb6 29. fxe6 fxe6 30. Rxf8 Rxf8 31. Rxf8 Kxf8 32. Kf3 Nd7 33. Kf4 Kf7
34. g5 Nb8 35. Be2 Nc6 36. Bd1 Ke7 37. h4 Kd7 38. h5 Ne7 39. h6 Kc6 40. c3 Nf5
41. Bg4 Kd7 42. Bd1 Kc6 43. Bc2 Ne7 44. Bb3 Nf5 45. a4 Ne7 46. Bc2 Nf5 47.
axb5+ axb5 48. Bd3 Ne7 49. Bf1 Nf5 50. Bh3 Kd7 51. Kf3 Kc6 52. Bf1 Ne7 53. Bh3
Nf5 54. Kf4 Kd7 1/2-1/2

[Event "Team junior-boys chess final 2017"]
[Site "Sochi"]
[Date "2017.05.01"]
[Round "1.5"]
[White "Morgachev, Sergey"]
[Black "Minachev, Maksim"]
[Result "1-0"]
[WhiteElo "1814"]
[BlackElo "1956"]
[PlyCount "65"]
[EventDate "2017.05.01"]

1. d4 d5 2. c4 e6 3. Nf3 Be7 4. Nc3 Nf6 5. Bf4 O-O 6. e3 c6 7. c5 b6 8. b4 Nh5
9. Bd3 Nxf4 10. exf4 a5 11. a3 Ba6 12. O-O Bxd3 13. Qxd3 Na6 14. Rab1 axb4 15.
axb4 Nxb4 16. Rxb4 bxc5 17. Rb7 c4 18. Qc2 h6 19. Ne5 Ra6 20. Rfb1 Bf6 21. Nd7
Re8 22. Nb8 Ra3 23. Nxc6 Qc8 24. Ne5 Bxe5 25. fxe5 Rf8 26. Qb2 Qa8 27. Qb4 Ra1
28. g3 Rxb1+ 29. Nxb1 Qa1 30. Qb2 Qa5 31. Kg2 Qe1 32. Nc3 g6 33. Ra7 1-0

[Event "Team junior-boys chess final 2017"]
[Site "Sochi"]
[Date "2017.05.02"]
[Round "2.1"]
[White "Murtazin, Ruslan"]
[Black "Mochalin, Faddey"]
[Result "1-0"]
[WhiteElo "2411"]
[BlackElo "1994"]
[PlyCount "145"]
[EventDate "2017.05.01"]

1. e4 e6 2. d4 d5 3. Nc3 Nf6 4. e5 Nfd7 5. f4 c5 6. Nf3 Be7 7. Be3 b6 8. Qd2
O-O 9. g3 Nc6 10. Bg2 a6 11. O-O b5 12. Ne2 a5 13. dxc5 Ba6 14. Ned4 Nxd4 15.
Nxd4 b4 16. Nc6 Qe8 17. Rfe1 Bb5 18. Nxe7+ Qxe7 19. a3 Nxc5 20. axb4 Ne4 21.
Bxe4 dxe4 22. Bc5 Rfd8 23. Qe3 Qb7 24. Rxa5 Bc6 25. Rxa8 Qxa8 26. Bd6 f5 27. c4
Qb7 28. b5 Be8 29. Ra1 Ra8 30. Ra3 h6 31. Kf2 Kh7 32. Ke1 Rxa3 33. bxa3 Qa8 34.
Kd2 Qa4 35. Kc3 Bh5 36. b6 Bd1 37. Bb4 Qc6 38. Qd2 Bf3 39. Qd6 Qa8 40. Qd4 e3
41. Qxe3 Be4 42. Qd2 Qa4 43. h3 Kg6 44. g4 h5 45. Qe2 hxg4 46. hxg4 Qc6 47.
gxf5+ Kxf5 48. Qe3 Qa4 49. Kd4 Qd7+ 50. Bd6 Qc6 51. Bc7 Bf3 52. a4 Kg4 53. a5
Qa4 54. Qd2 Qa3 55. Bd6 Qa4 56. Kc5 g6 57. Kd4 Qa1+ 58. Kc5 Qa4 59. Bc7 Kf5 60.
Bd8 Kg4 61. Bg5 Kf5 62. Qe1 Qc6+ 63. Kb4 Kg4 64. Qe3 Kf5 65. a6 Qa8 66. b7 Qb8
67. Qxf3 Qf8+ 68. Be7 Qxe7+ 69. Kb5 Qc7 70. Qc6 Qb8 71. Qd6 Qe8+ 72. Kb4 g5 73.
b8=R 1-0

[Event "Team junior-boys chess final 2017"]
[Site "Sochi"]
[Date "2017.05.02"]
[Round "2.1"]
[White "Bobkov, Vadim"]
[Black "Ismailov, Amir"]
[Result "1/2-1/2"]
[WhiteElo "1894"]
[BlackElo "1897"]
[PlyCount "108"]
[EventDate "2017.05.01"]

1. d4 Nf6 2. c4 e6 3. Nf3 Bb4+ 4. Bd2 Qe7 5. g3 Nc6 6. Bg2 O-O 7. O-O b6 8. Bg5
h6 9. Bxf6 Qxf6 10. a3 Be7 11. Ne5 Rd8 12. e3 Bb7 13. Qa4 a6 14. Nxd7 Rxd7 15.
Bxc6 Bxc6 16. Qxc6 Rad8 17. Nc3 e5 18. Qxf6 Bxf6 19. d5 e4 20. Nxe4 Bxb2 21.
Ra2 Re7 22. Nc5 bxc5 23. Rxb2 Rd6 24. Rb7 Rb6 25. Rxb6 cxb6 26. Rc1 Kf8 27. Kf1
Re8 28. Ke2 Ke7 29. Rb1 Rb8 30. a4 Kd6 31. Kd3 f5 32. f3 g6 33. e4 fxe4+ 34.
fxe4 Ke5 35. Ke3 h5 36. h4 Rb7 37. Rb2 Rb8 38. Kd3 Rb7 39. Rb3 Rb8 40. Rb1 Rb7
41. a5 b5 42. cxb5 axb5 43. a6 Ra7 44. Rxb5 Rxa6 45. Rxc5 Ra3+ 46. Rc3 Ra4 47.
d6 Rd4+ 48. Ke3 Rxe4+ 49. Kf3 Rd4 50. Rc5+ Ke6 51. Rc8 Rxd6 52. Rf8 Rd4 53.
Re8+ Kf7 54. Re4 Rxe4 1/2-1/2

[Event "Team junior-boys chess final 2017"]
[Site "Sochi"]
[Date "2017.05.02"]
[Round "2.1"]
[White "Garifzyanov, Niyaz"]
[Black "Bratchikov, Vladislav"]
[Result "1-0"]
[WhiteElo "1874"]
[BlackElo "1894"]
[PlyCount "120"]
[EventDate "2017.05.01"]

1. d4 d5 2. c4 c6 3. cxd5 cxd5 4. Nc3 Nc6 5. Bf4 Nf6 6. e3 Bf5 7. Nf3 e6 8. Bb5
Nd7 9. O-O Be7 10. Rc1 Rc8 11. Ne5 Ndxe5 12. Bxe5 O-O 13. Bg3 Na5 14. Na4 a6
15. Be2 b5 16. Nc5 Bxc5 17. dxc5 Qf6 18. Qd4 Rfe8 19. Qxf6 gxf6 20. b3 Rc6 21.
f3 Rec8 22. Be1 Nb7 23. b4 Nd6 24. g4 Bg6 25. Bc3 Ne8 26. Ra1 Bc2 27. Rac1 Ba4
28. f4 Rd8 29. Rf3 d4 30. Bxd4 e5 31. fxe5 fxe5 32. Bxe5 Rd2 33. Rf2 Re6 34.
Bf4 Rxa2 35. Bf3 Rxf2 36. Kxf2 Re7 37. c6 a5 38. bxa5 b4 39. c7 Nxc7 40. Rxc7
Re6 41. Rb7 Ra6 42. Rxb4 Rxa5 43. Bc7 Ra6 44. Be2 Ra8 45. Rb8+ Rxb8 46. Bxb8
Bb3 47. Kg3 Kf8 48. Bd6+ Kg7 49. Kf4 f6 50. Bd3 Be6 51. Bb4 h6 52. Bf5 Bd5 53.
Bc8 Kg6 54. Bd7 Bf7 55. Bf8 Bc4 56. Bf5+ Kf7 57. Bxh6 Be2 58. Kg3 Bc4 59. Bf4
Be2 60. Bc7 Bc4 1-0

[Event "Team junior-boys chess final 2017"]
[Site "Sochi"]
[Date "2017.05.02"]
[Round "2.1"]
[White "Morgachev, Sergey"]
[Black "Galiev, Irek"]
[Result "0-1"]
[WhiteElo "1814"]
[BlackElo "1866"]
[PlyCount "84"]
[EventDate "2017.05.01"]

1. d4 Nf6 2. c4 g6 3. Nc3 d5 4. Bg5 Ne4 5. Bh4 Nxc3 6. bxc3 c5 7. e3 Bg7 8. Nf3
Nc6 9. Be2 O-O 10. O-O Bf5 11. cxd5 Qxd5 12. Nd2 cxd4 13. cxd4 e5 14. Bc4 Qd7
15. d5 Na5 16. f3 Nxc4 17. Nxc4 e4 18. g4 Bxa1 19. gxf5 Bg7 20. fxe4 Qb5 21.
Qb3 Qc5 22. Bg3 b5 23. Ne5 Rfe8 24. f6 Bh6 25. Ng4 Bg5 26. Qd3 Qb4 27. Ne5 Bh4
28. Nc6 Qxe4 29. Qxe4 Rxe4 30. Bxh4 Rxh4 31. d6 Rc4 32. Ne7+ Kf8 33. d7 Rd8 34.
Rd1 Rc7 35. Rd5 g5 36. Rd6 Rcxd7 37. Ra6 Rd6 38. Rc6 Ke8 39. Kf2 Rxc6 40. Nxc6
Rd6 41. Nd4 Rxf6+ 42. Ke2 Ra6 0-1

[Event "Team junior-boys chess final 2017"]
[Site "Sochi"]
[Date "2017.05.02"]
[Round "2.2"]
[White "Grigoriants, Boris"]
[Black "Kytin, Makar"]
[Result "1/2-1/2"]
[WhiteElo "1731"]
[BlackElo "2120"]
[PlyCount "83"]
[EventDate "2017.05.01"]

1. e4 c5 2. Nf3 e6 3. d3 Nc6 4. g3 g6 5. Bg2 Bg7 6. O-O Nge7 7. Nbd2 O-O 8. Re1
d5 9. e5 Qc7 10. Qe2 b6 11. Nf1 Nf5 12. c3 a5 13. Bf4 Ba6 14. h4 b5 15. g4 Nfe7
16. Qe3 b4 17. Bh6 bxc3 18. Bxg7 Kxg7 19. bxc3 d4 20. Qg5 h6 21. Qf6+ Kh7 22.
c4 Nb4 23. Red1 Ned5 24. cxd5 Nxd5 25. Ng5+ hxg5 26. Qxg5 Qd8 27. Qxd8 Raxd8
28. Ng3 Nf4 29. Be4 Rb8 30. Rd2 Kg7 31. Rc1 Rh8 32. h5 gxh5 33. gxh5 Nxh5 34.
Nxh5+ Rxh5 35. Rxc5 Rb5 36. Rxb5 Bxb5 37. f4 f6 38. Rg2+ Kf8 39. exf6 Rh3 40.
Rb2 Be8 41. Kg2 Rh6 42. Rb8 1/2-1/2

[Event "Team junior-boys chess final 2017"]
[Site "Sochi"]
[Date "2017.05.02"]
[Round "2.2"]
[White "Babakekhyan, Artem"]
[Black "Babayan, Arman S"]
[Result "1/2-1/2"]
[WhiteElo "1924"]
[BlackElo "1746"]
[PlyCount "83"]
[EventDate "2017.05.01"]

1. Nf3 d5 2. d4 Nf6 3. c4 e6 4. g3 Be7 5. Bg2 O-O 6. O-O b6 7. Nc3 Bb7 8. Ne5
c6 9. e4 Nbd7 10. Qe2 Rc8 11. Nxd7 Qxd7 12. e5 Ne8 13. Rd1 Ba6 14. b3 c5 15.
Qg4 cxd4 16. Rxd4 Bc5 17. Rxd5 Qc7 18. Rd2 Qxe5 19. Bb2 Nf6 20. Qh4 g5 21. Ne4
Nxe4 22. Bxe5 gxh4 23. Bxe4 hxg3 24. hxg3 Rfd8 25. Rad1 Rxd2 26. Rxd2 b5 27.
cxb5 Bxb5 28. Rc2 Ba6 29. Kg2 f5 30. Bf3 Kf7 31. Rc1 Bf8 32. Rxc8 Bxc8 33. Bc6
Bc5 34. Bc3 Ke7 35. b4 Bb6 36. a4 Kd6 37. Bf3 e5 38. a5 Bd8 39. Kf1 f4 40. Be2
Kd5 41. Ke1 Bc7 42. Kd2 1/2-1/2